LEADER 00876nam a2200181 i 4500 001 000000178940 003 CaOOAMICUS 005 20090420000000.0 008 090420s1935 it u000 u fre u 013 $a156515 040 $aSeMil$bita 100 1 $aHanotaux, Gabriel.$0(OLS)http://semarc/name/8509 245 13$aLa lutte contre la maison d'Autriche ; L'annè de Corbie ; Paris menacé et délivré ; Le voeu de Louis 13. ; La naissance du Dauphin. 300 $a398 p. 773 0 $aHanotaux, Gabriel$tHistoire du Cardinal de Richelieu.$dParis : Histoire Nationale, 1932.$gTome5$w()21139 850 $aSeMil 852 $aSeMil$W1$xVenegono$y1$m3A V 93$j129706$B129706$CSeMilBibl$Z2$F141224 $81 996 $6245$aLa lutte contre la maison d'Autriche ; L'annè de Corbie ; Paris menacé et délivré ; Le voeu de Louis 13. ; La naissance du Dauphin$9(OLS)http://semarc/title/256996 LEADER 01396nam a2200277 i 4500 001 000000044779 003 CaOOAMICUS 005 20091026000000.0 008 091026s1973 gw u000 u eng u 013 $a15949 020 $a3-402-03903-6 040 $aSeMil$bita 100 1 $aRauh, Horst Dieter.$0(OLS)http://semarc/name/22314 245 14$aDas Bild des Antichrist im Mittelalter :$bvon Tyconius zum deutschen Symbolismus /$cHorst Dieter Rauh. 260 $aMünster :$bAschendorff,$c1973. 300 $aVII, 550 p. ;$c23 cm. 490 0 $aBeiträge zur Geschichte der Philosophie und Theologie des Mittelalters. Neue Folge ;$v9 650 4$aTeologia - Storia - Medioevo.$0(OLS)http://semarc/subject/551 650 4$aSimbolismo cristiano - Medioevo.$0(OLS)http://semarc/subject/6401 650 4$aAnticristo - Storia delle dottrine.$0(OLS)http://semarc/subject/9588 830 0$aBeiträge zur Geschichte der Philosophie und Theologie des Mittelalters. Neue Folge ;$v9.$0(OLS)http://semarc/title/27318 850 $aSeMil 852 $aSeMil$W1$xVenegono$y1$m2B IV 328$j10934$B10934$CSeMilBibl$Z2$F10934 $81 996 $6020$a3-402-03903-6$9(OLS)http://semarc/number/16751 996 $6245$aDas Bild des Antichrist im Mittelalter :$bvon Tyconius zum deutschen Symbolismus$9(OLS)http://semarc/title/66364 996 $6260$aMünster :$bAschendorff$9(OLS)http://semarc/publisher/29674